01951nam a2200325uu 45000010008000000030010000080050017000180070010000350080041000450350012000860400013000980410008001111000054001192450125001732640039002983000040003373470036003775020018004135060033004315200805004645260008012696500024012776500025013016500030013266500022013567000055013788560155014339420018015889990019016061567335CO-MdUADB20250925111134.0cr|||||||220210b2020 ck |||||om spa  a1567335 ccomduadb aspa1 aEscudero Melguizo, Maria Camila4auteaut98114091 aTejiendo relaciones socioespaciales :b espacios, materialidades e historias del costurero de la casa, hombres que tejen 1aMedellín :bAutores(as), c2020  aRecurso en línea (105 páginas); aArchivo de texto bPDFc2.02 MB b297c22d2020 aAcceso embargado 2024 -12-153 aRESUMEN : El presente trabajo es el resultado de una investigación enmarcada en los estudios socioespaciales realizada en la ciudad de Medellín. El objetivo principal fue reconocer cada una de las partes que hacen posible la existencia del colectivo El Costurero de La Casa, para lo que fue necesario comprender el papel de cada agente dentro del ensamblaje, acercarse al Costurero e interactuar con sus integrantes para hacer evidente la importancia del acercamiento en la construcción del conocimiento colectivo. La relevancia de esta investigación se encuentra en la producción y la configuración de espacialidades que se crean en torno a la práctica del tejido artesanal, otorgando importancia a las materialidades a y su capacidad de agencia en asuntos políticos y científicos. a299 4aTejido a mano95613 aEtnografía9170733 aSocioespacialidad9183660 aEnsamblaje9327561 aDomínguez Cardona, Juan Camilo4thseths96077404 uhttps://bibliotecadigital.udea.edu.co/handle/10495/19893?mode=simplezCONSULTE TEXTO COMPLETO EN EL REPOSITORIO INSTITUCIONAL UNIVERSIDAD DE ANTIOQUIA cTESISn02FAC c845121d845121